| 000 | 00517nam a2200133Ia 4500 | ||
|---|---|---|---|
| 008 | 220620s9999||||xx |||||||||||||| ||und|| | ||
| 022 | _a16648714 | ||
| 100 | _aDavide Vito Moretti | ||
| 245 | 0 | _aNeurophysiology in Alzheimer's Disease and Dementia | |
| 546 | _aEnglish[eng] | ||
| 650 | _aEEG||Alpha Rhythm||Alzheimer's disease||theta burst stimulation||Neurophysiology||Theta Rhythm||MMN | ||
| 856 | _uhttp://journal.frontiersin.org/researchtopic/914/neurophysiology-in-alzheimers-disease-and-dementia | ||
| 942 | _cEB | ||
| 999 |
_c23137 _d23137 |
||